|
|
|
|
| LEADER |
00000cam a2200000 7i4500 |
| 001 |
0000012218 |
| 005 |
20080130.0 |
| 008 |
071207 |
| 020 |
|
|
|a 9837205210
|
| 090 |
0 |
0 |
|a 158.1
|b ROA
|
| 100 |
1 |
|
|a Roazzi, Vincent M
|
| 245 |
1 |
4 |
|a The spirituality of success :
|b getting rich with integrity
|c Vincent M. Roazzi
|
| 260 |
|
|
|a Kuala Lumpur :
|b Golden Books Centre ,
|c 2004
|
| 650 |
|
0 |
|a English fiction
|
| 650 |
|
0 |
|a Success
|
| 710 |
0 |
|
|a Title
|
| 999 |
|
|
|a 0000925029
|b Book
|c Adult Collection
|e Cawangan Bukit Gambir
|
| 999 |
|
|
|a 0000934573
|b Book
|c Adult Collection
|e Cawangan Tangkak
|
| 999 |
|
|
|a 0001003560
|b Book
|c Adult Collection
|e Perbadanan Perpustakaan Awam Johor
|
| 999 |
|
|
|a 0001003562
|b Book
|c Adult Collection
|e Perbadanan Perpustakaan Awam Johor
|
| 999 |
|
|
|a 000946720
|b Book
|c Adult Collection
|e Cawangan Taman Sri Lambak
|